| 000 | 01632njm a2200373 c 4500 | ||
|---|---|---|---|
| 003 | BLK | ||
| 005 | 20240530132159.0 | ||
| 008 | 180410b bul||n||s|||||||| n|bulo| | ||
| 010 | _aCDD00003078000 | ||
| 040 | _aBLK | ||
| 041 |
_aBUL _cBUL |
||
| 080 |
_aОбща теория на музиката _b781 _x(079)(086.76) _z781(079)(086.76) |
||
| 100 |
_aПръвчева-Дюлгерова, Росица Георгиева _9388695 |
||
| 139 |
_aПръвчева-Дюлгерова, Росица Георгиева _bП 92 |
||
| 245 | 1 | 0 |
_aТеория на музикалните елементи _bТестове _cРосица Дюлгерова. _pТестови въпроси и задачи [аудио CD] |
| 257 | _aBGR | ||
| 260 |
_bНов бълг. унив. _c2007 |
||
| 300 | _c12 см | ||
| 380 | _a7 | ||
| 500 | _aИзт. : Етикет ; Загл. екран. - Системни изиствания : Windows, Acrobat Reader. - Към учебник със сигн. Цб М ІІ 11754 | ||
| 590 | _aS.N: 84592 от КНИГИ | ||
| 650 | 4 |
_aМузика - теория - учебници за ВУЗ _9245641 |
|
| 653 | _aтеория на музиката | ||
| 653 | _aтестови задачи | ||
| 653 | _aучебници за ВУЗ | ||
| 760 | 1 |
_aДюлгерова, Росица Георгиева _d2007 _t Тестови въпроси и задачи [аудио CD] |
|
| 852 |
_aЦб CD 1783 _p0 |
||
| 856 | 4 |
_qpdf _u |
|
| 856 | 4 |
_qpdf _u |
|
| 942 |
_cCDD _n0 |
||
| 944 |
_aCR _c23.07.2008 _k30560 _lГеновева Генчева |
||
| 944 |
_aED _c07.04.2009 |
||
| 999 |
_c220609 _d220609 |
||
| 999 | _d220609 | ||